Les Collections de l'insée : La diversification des productions dans l'industrie francaise

Gorde:
Xehetasun bibliografikoak
Egile nagusia: Desrosières, Alain
Formatua: Liburua
Hizkuntza:Undetermined
Argitaratua: Paris Institut national de la statistique et des études économiques 1963
Gaiak:
Etiketak: Etiketa erantsi
Etiketarik gabe, Izan zaitez lehena erregistro honi etiketa jartzen!
Thư viện lưu trữ: Trung tâm Học liệu Trường Đại học Cần Thơ
LEADER 00635nam a2200205Ia 4500
001 CTU_96494
008 210402s9999 xx 000 0 und d
082 |a 338.4 
082 |b D747 
100 |a Desrosières, Alain 
245 0 |a Les Collections de l'insée : 
245 0 |b La diversification des productions dans l'industrie francaise 
245 0 |c Alain Desrosières 
260 |a Paris 
260 |b Institut national de la statistique et des études économiques 
260 |c 1963 
650 |a Industrial productivity 
650 |z France 
904 |i Giang 
980 |a Trung tâm Học liệu Trường Đại học Cần Thơ